| 000 | 00886nas a2200289 4500 | ||
|---|---|---|---|
| 001 | BR8704951 | ||
| 003 | BR-BrBNA | ||
| 005 | 20231205090734.0 | ||
| 007 | ta | ||
| 008 | 230509b bl.|||p| |||| 00| 00por d | ||
| 040 |
_aBR-BrBNA _bpor _cBiblioteca Nacional de Agricultura |
||
| 041 | _a(Pt) | ||
| 072 | _aL73 | ||
| 100 | 1 | _aAndrade, J.R.A. | |
| 100 | 1 | _aSilveira, W. | |
| 100 | 1 | _aSilva, R.L. da | |
| 100 | 1 | _aOliveira, V.C. de | |
| 100 | 1 | _aViana, H.A. | |
| 245 | 1 | _aPrevalencia do Campylobacter fetus (vibrose)em bovinos no estado Goias | |
| 246 | 1 | _aPrevalence of Campylobacter fetus (vibriosis)in bovines in the state of Goias | |
| 650 | _aBOVINO | ||
| 650 | _aVIBRIOSE | ||
| 650 | _aGOIAS | ||
| 773 | 0 |
_tHora Veterinaria (Brazil) _xISSN 0101-9163 _g(Sep-Oct 1986), v. 6(33) p. 31-37 _wBR8704951 |
|
| 909 |
_a202311 _bLúcia _c55 _dLúcia Elande |
||
| 942 |
_2AGRIS _n0 _cANA |
||
| 999 |
_c120549 _d120549 |
||